Largest Cities in Liguria - Statistics

General Stats
  • This quiz has been taken 90 times
  • The average score is 6 of 10
Answer Stats
Population City % Correct
560,688 Genoa
100%
92,216 La Spezia
86%
58,563 Savona
78%
42,060 Imperia
76%
53,154 Sanremo
72%
22,978 Ventimiglia
57%
27,253 Chiavari
45%
28,999 Rapallo
41%
23,555 Albenga
36%
21,611 Sarzana
26%
No matching quizzes found
Score Distribution
Percent of People with Each Score
Percentile by Number Answered
Your Score History
You have not taken this quiz